000 00289nam a2200109Ia 4500
008 201231s9999 xx 000 0 und d
100 _aDupuy, Rene - Jean
245 4 _aThe University teaching of social sciences International Law
260 _aParis
_bUNESCO
300 _a154
942 _cBK
999 _c10100
_d10100